000 00363nam a2200157Ia 4500
003 OSt
005 20240330161630.0
008 170524s9999 xx 000 0 und d
020 _a8120336364
040 _cIIMT UNIVERSITY
100 _aBhattacharya
245 0 _aWorking Capital Management
260 _aNew Delhi
_bPHI
_c2009
300 _a568
942 _2ddc
_c02
999 _c3063
_d3063